Normal view
MARC view
Entry Geographic Name
001 - CONTROL NUMBER
- control field: 38141
003 - CONTROL NUMBER IDENTIFIER
- control field: dpl
005 - DATE AND TIME OF LATEST TRANSACTION
- control field: 20120104111006.0
008 - FIXED-LENGTH DATA ELEMENTS
- fixed length control field: 120104|||a|||||| | ||| d
040 ## - CATALOGING SOURCE
- Original cataloging agency: dpl
- Transcribing agency: dpl
151 ## - HEADING--GEOGRAPHIC NAME
- Geographic name: India, South |
- General subdivision: Politics and government
670 ## - SOURCE DATA FOUND
- Source citation: Work cat.: (dpl): Stoddart, Brian 38049, A people’s collector in the British Raj :, 2011
670 ## - SOURCE DATA FOUND
- Source citation: Work cat.: (dpl): Stoddart, Brian 38049, A people’s collector in the British Raj :, 2011
